Statistics for Every US City Beginning with B

Click here to take the quiz!

General Stats

  • This quiz has been taken 33 times
  • The average score is 106 of 792

Answer Stats

HintAnswer% Correct
Alabama | Iowa | MichiganBirmingham
93%
Georgia | MassachusettsBoston
89%
MarylandBaltimore
78%
LouisianaBaton Rouge
78%
Missouri | MontanaBillings
78%
Iowa | Kansas | Minnesota | +5 othersBuffalo
78%
Louisiana | MontanaBaker
74%
CaliforniaBakersfield
70%
IdahoBoise
70%
Kentucky | Minnesota | Oregon | +2 othersBrownsville
70%
Colorado | Iowa | Kansas | +5 othersBurlington
70%
CaliforniaBell
67%
Arkansas | Illinois | Iowa | +3 othersBenton
63%
Missouri | North DakotaBismarck
63%
ColoradoBoulder
63%
MontanaBozeman
52%
Connecticut | Florida | South Dakota | +2 othersBristol
52%
Montana | North DakotaButte
52%
ArkansasBentonville
48%
Alabama | Colorado | Iowa | MichiganBrighton
48%
ArkansasBay
44%
MissouriBelle
44%
MississippiBiloxi
44%
Idaho | Illinois | Indiana | MinnesotaBloomington
44%
Alabama | Connecticut | Illinois | +4 othersBridgeport
44%
KansasBurrton
44%
IowaBurt
44%
Michigan | TexasBurton
44%
Maine | MichiganBangor
41%
California | TexasBeaumont
41%
Iowa | UtahBeaver
41%
California | MissouriBerkeley
41%
Michigan | OregonBeaverton
37%
Idaho | Iowa | Kentucky | +4 othersBellevue
37%
OregonBend
37%
New Hampshire | North Dakota | WisconsinBerlin
37%
FloridaBoca Raton
37%
Minnesota | WashingtonBellingham
33%
Florida | Kentucky | Missouri | OhioBowling Green
33%
Arkansas | PennsylvaniaBradford
33%
MissouriBranson
33%
CaliforniaBrisbane
33%
Iowa | OhioBrooklyn
33%
KentuckyBurgin
33%
Minnesota | MontanaBelgrade
30%
Kansas | NebraskaBennington
30%
North DakotaBergen
30%
IowaBoone
30%
FloridaBradenton
30%
ArkansasBradley
30%
Iowa | Minnesota | Mississippi | South DakotaBrandon
30%
MinnesotaBrooks
30%
OregonBanks
26%
MaineBath
26%
Arizona | MinnesotaBenson
26%
KansasBern
26%
PennsylvaniaBethlehem
26%
New YorkBinghamton
26%
Arizona | IowaBuckeye
26%
California | IllinoisBurbank
26%
KansasBarnes
22%
VermontBarre
22%
Illinois | Minnesota | TexasBarry
22%
Iowa | Michigan | NebraskaBattle Creek
22%
South CarolinaBeaufort
22%
Indiana | Iowa | Kentucky | +2 othersBedford
22%
Alaska | MinnesotaBethel
22%
California | TexasBishop
22%
Kentucky | Minnesota | Tennessee | WashingtonBlaine
22%
California | GeorgiaBlythe
22%
Maryland | TexasBowie
22%
Missouri | New JerseyBridgeton
22%
MassachusettsBrockton
22%
OklahomaBroken Arrow
22%
Georgia | Maryland | Missouri | OhioBrunswick
22%
Kansas | OregonBurns
22%
OregonBaker City
19%
Georgia | IowaBaldwin
19%
California | TexasBarstow
19%
Iowa | Minnesota | TennesseeBaxter
19%
Michigan | Oregon | TexasBay City
19%
KansasBeattie
19%
Missouri | South Carolina | TexasBelton
19%
Iowa | MichiganBerkley
19%
KentuckyBerry
19%
Alabama | MichiganBessemer
19%
Kansas | Massachusetts | New JerseyBeverly
19%
MissouriBlackburn
19%
NevadaBoulder City
19%
WashingtonBremerton
19%
AlabamaBrent
19%
Iowa | Kansas | MichiganBronson
19%
Oregon | South DakotaBrookings
19%
TexasBuda
19%
CaliforniaBuellton
19%
Iowa | MinnesotaBadger
15%
TexasBailey
15%
GeorgiaBainbridge
15%
OregonBandon
15%
OklahomaBartlesville
15%
TexasBaytown
15%
NebraskaBeatrice
15%
MaineBelfast
15%
Arkansas | Illinois | Kansas | MichiganBelleville
15%
KansasBison
15%
Missouri | NebraskaBlue Springs
15%
OregonBoardman
15%
LouisianaBossier City
15%
UtahBountiful
15%
TexasBrady
15%
ArkansasBranch
15%
KentuckyBrandenburg
15%
Minnesota | Missouri | TexasBreckenridge
15%
Georgia | KentuckyBremen
15%
MaineBrewer
15%
UtahBrigham City
15%
Ohio | TexasBryan
15%
ArizonaBullhead City
15%
IdahoBurley
15%
Georgia | Indiana | Kentucky | +2 othersButler
15%
MichiganBad Axe
11%
CaliforniaBaldwin Park
11%
Kentucky | OregonBarlow
11%
North DakotaBarney
11%
Louisiana | TexasBastrop
11%
Illinois | Iowa | New YorkBatavia
11%
North DakotaBeach
11%
MinnesotaBeaver Creek
11%
OhioBeavercreek
11%
PennsylvaniaBeaver Falls
11%
West VirginiaBeckley
11%
New MexicoBelen
11%
California | MissouriBellflower
11%
CaliforniaBell Gardens
11%
TennesseeBells
11%
California | Iowa | North Carolina | West VirginiaBelmont
11%
Kansas | WisconsinBeloit
11%
CaliforniaBelvedere
11%
IllinoisBelvidere
11%
TexasBenjamin
11%
IowaBennett
11%
MichiganBenton Harbor
11%
Kentucky | OhioBerea
11%
IowaBernard
11%
IllinoisBerwyn
11%
California | Missouri | TexasBeverly Hills
11%
MaineBiddeford
11%
CaliforniaBig Bear Lake
11%
Minnesota | TexasBig Lake
11%
TexasBig Spring
11%
MontanaBig Timber
11%
Arizona | North DakotaBisbee
11%
OklahomaBixby
11%
IdahoBlackfoot
11%
GeorgiaBlakely
11%
MissouriBland
11%
UtahBlanding
11%
WisconsinBloomer
11%
ArkansasBlytheville
11%
TexasBoerne
11%
LouisianaBogalusa
11%
MinnesotaBrainerd
11%
CaliforniaBrawley
11%
IndianaBrazil
11%
CaliforniaBrea
11%
Kansas | Minnesota | WashingtonBrewster
11%
Nebraska | OklahomaBroken Bow
11%
Georgia | MississippiBrookhaven
11%
MinnesotaBrooklyn Park
11%
MissouriBrowning
11%
Georgia | Michigan | North DakotaBuchanan
11%
MissouriBunker
11%
KansasBurden
11%
KentuckyBurnside
11%
MinnesotaBurnsville
11%
Iowa | MinnesotaBagley
7%
WisconsinBaraboo
7%
MassachusettsBarnstable
7%
WisconsinBarron
7%
Kansas | Tennessee | TexasBartlett
7%
FloridaBartow
7%
Arkansas | Indiana | MississippiBatesville
7%
WashingtonBattle Ground
7%
Iowa | Nebraska | New MexicoBayard
7%
WisconsinBayfield
7%
New JerseyBayonne
7%
Kentucky | WisconsinBeaver Dam
7%
TexasBeeville
7%
TexasBellaire
7%
OhioBellefontaine
7%
MissouriBellefontaine Neighbors
7%
South DakotaBelle Fourche
7%
FloridaBelleview
7%
MinnesotaBemidji
7%
Kansas | North DakotaBenedict
7%
MissouriBerger
7%
ArkansasBerryville
7%
Missouri | OklahomaBethany
7%
IowaBettendorf
7%
MinnesotaBig Falls
7%
MinnesotaBigfork
7%
CaliforniaBiggs
7%
MichiganBig Rapids
7%
MinnesotaBiscay
7%
ColoradoBlack Hawk
7%
WisconsinBlack River Falls
7%
ArkansasBlack Rock
7%
Nebraska | WisconsinBlair
7%
Iowa | OklahomaBlanchard
7%
IdahoBliss
7%
Iowa | Kentucky | Missouri | +2 othersBloomfield
7%
GeorgiaBloomingdale
7%
IllinoisBlue Island
7%
CaliforniaBlue Lake
7%
IowaBode
7%
TexasBonham
7%
TexasBorger
7%
WisconsinBoscobel
7%
WashingtonBothell
7%
North DakotaBottineau
7%
Georgia | North DakotaBowman
7%
South DakotaBox Elder
7%
MinnesotaBoyd
7%
MassachusettsBraintree
7%
California | Missouri | TennesseeBrentwood
7%
TexasBridge City
7%
Missouri | WisconsinBrookfield
7%
Kansas | OhioBrookville
7%
ColoradoBroomfield
7%
MinnesotaBrownton
7%
South DakotaBruce
7%
Arkansas | South DakotaBryant
7%
West VirginiaBuckhannon
7%
AlaskaBuckland
7%
Kansas | MissouriBucklin
7%
North Dakota | OhioBucyrus
7%
Illinois | KansasBunker Hill
7%
WashingtonBurien
7%
TexasBurnet
7%
OregonButte Falls
7%
Georgia | Illinois | MinnesotaByron
7%
MinnesotaBabbitt
4%
WashingtonBainbridge Island
4%
TexasBaird
4%
ArkansasBald Knob
4%
KansasBaldwin City
4%
MississippiBaldwyn
4%
GeorgiaBall Ground
4%
IowaBalltown
4%
South CarolinaBamberg
4%
Idaho | Iowa | KentuckyBancroft
4%
KentuckyBarbourville
4%
KentuckyBardstown
4%
MissouriBaring
4%
MissouriBarnett
4%
IowaBarnum
4%
MinnesotaBarrett
4%
IdahoBasalt
4%
Iowa | Kansas | NebraskaBassett
4%
MinnesotaBaudette
4%
KansasBaxter Springs
4%
MinnesotaBayport
4%
KansasBazine
4%
Iowa | New YorkBeacon
4%
MinnesotaBecker
4%
OhioBedford Heights
4%
ArkansasBeebe
4%
KansasBel Aire
4%
ArkansasBella Vista
4%
KentuckyBellefonte
4%
FloridaBelle Glade
4%
Iowa | Kansas | MinnesotaBelle Plaine
4%
KansasBelvue
4%
KentuckyBenham
4%
CaliforniaBenicia
4%
KansasBentley
4%
IndianaBerne
4%
MissouriBernie
4%
MinnesotaBertha
4%
MissouriBertrand
4%
North DakotaBeulah
4%
OhioBexley
4%
MinnesotaBigelow
4%
WashingtonBingen
4%
KansasBird City
4%
MinnesotaBird Island
4%
MinnesotaBlackduck
4%
MissouriBlackwater
4%
Oklahoma | TexasBlackwell
4%
Iowa | MissouriBlairstown
4%
TexasBlanco
4%
ArkansasBlevins
4%
TexasBlossom
4%
FloridaBlountstown
4%
MinnesotaBlue Earth
4%
IowaBlue Grass
4%
NebraskaBlue Hill
4%
Kansas | TexasBlue Mound
4%
KansasBlue Rapids
4%
Georgia | TexasBlue Ridge
4%
Indiana | MinnesotaBluffton
4%
AlabamaBoaz
4%
OklahomaBoise City
4%
Arkansas | OregonBonanza
4%
IowaBonaparte
4%
FloridaBonita Springs
4%
IdahoBonners Ferry
4%
KansasBonner Springs
4%
KentuckyBonnieville
4%
ArkansasBono
4%
Arkansas | Kentucky | MississippiBooneville
4%
Indiana | MissouriBoonville
4%
MissouriBourbon
4%
Georgia | North DakotaBowdon
4%
MinnesotaBowlus
4%
MichiganBoyne City
4%
FloridaBoynton Beach
4%
IowaBraddyville
4%
FloridaBradenton Beach
4%
MinnesotaBraham
4%
IowaBrayton
4%
TexasBrazoria
4%
TexasBrenham
4%
North CarolinaBrevard
4%
AlaskaBrevig Mission
4%
AlabamaBrewton
4%
ArkansasBriarcliff
4%
Iowa | Massachusetts | South DakotaBridgewater
4%
WashingtonBrier
4%
WisconsinBrillion
4%
ArkansasBrinkley
4%
South DakotaBritton
4%
Kentucky | WisconsinBrodhead
4%
ArkansasBrookland
4%
MinnesotaBrooklyn Center
4%
LouisianaBroussard
4%
TexasBrownfield
4%
TexasBrownwood
4%
ColoradoBrush
4%
Arkansas | MissouriBuckner
4%
CaliforniaBuena Park
4%
Georgia | VirginiaBuena Vista
4%
WisconsinBuffalo City
4%
GeorgiaBuford
4%
ArkansasBull Shoals
4%
FloridaBunnell
4%
TexasBurleson
4%
California | KansasBurlingame
4%
Florida | IllinoisBushnell
4%
KansasBushton
4%
MinnesotaButterfield
4%
MississippiByram
4%
MinnesotaBackus
0%
GeorgiaBaconton
0%
MinnesotaBalaton
0%
TexasBalch Springs
0%
TexasBalcones Heights
0%
North DakotaBalfour
0%
TexasBallinger
0%
MissouriBallwin
0%
TexasBalmorhea
0%
North DakotaBalta
0%
South DakotaBaltic
0%
TexasBandera
0%
TennesseeBaneberry
0%
TexasBangs
0%
IowaBankston
0%
CaliforniaBanning
0%
OhioBarberton
0%
KentuckyBarbourmeade
0%
Kentucky | TexasBardwell
0%
ArkansasBarling
0%
Kansas | MissouriBarnard
0%
IowaBarnes City
0%
Georgia | MinnesotaBarnesville
0%
OklahomaBarnsdall
0%
MinnesotaBarnub
0%
South CarolinaBarnwell
0%
GeorgiaBarwick
0%
KansasBasehor
0%
MissouriBates City
0%
North DakotaBathgate
0%
MissouriBattlefield
0%
MinnesotaBattle Lake
0%
GeorgiaBaxley
0%
FloridaBay Lake
0%
AlabamaBay Minette
0%
AlabamaBayou La Batre
0%
TexasBayou Vista
0%
MississippiBay Springs
0%
MississippiBay St. Louis
0%
OhioBay Village
0%
TexasBeach City
0%
OhioBeachwood
0%
IowaBeaconsfield
0%
IowaBeaman
0%
ArkansasBearden
0%
MinnesotaBeardsley
0%
IllinoisBeardstown
0%
UtahBear River City
0%
TexasBeasley
0%
KentuckyBeattyville
0%
MinnesotaBeaver Bay
0%
NebraskaBeaver City
0%
TexasBeckville
0%
TexasBedias
0%
TexasBee Cave
0%
IndianaBeech Grove
0%
KentuckyBeechwood Village
0%
OklahomaBeggs
0%
MinnesotaBejou
0%
MichiganBelding
0%
North DakotaBelfield
0%
MissouriBella Villa
0%
OhioBellbrook
0%
MissouriBell City
0%
FloridaBelleair Beach
0%
FloridaBelleair Bluffs
0%
MinnesotaBellechester
0%
FloridaBelle Isle
0%
KentuckyBellemeade
0%
TennesseeBelle Meade
0%
KentuckyBellewood
0%
TexasBellmead
0%
Georgia | TexasBellville
0%
Kansas | OhioBelpre
0%
MinnesotaBeltrami
0%
MinnesotaBelview
0%
MississippiBelzoni
0%
MinnesotaBena
0%
TexasBenavides
0%
TexasBenbrook
0%
NebraskaBenkelman
0%
IllinoisBenld
0%
South CarolinaBennettsville
0%
WashingtonBenton City
0%
West VirginiaBenwood
0%
South DakotaBeresford
0%
GeorgiaBerkeley Lake
0%
TennesseeBerry Hill
0%
North DakotaBerthold
0%
Iowa | TexasBertram
0%
North CarolinaBessemer City
0%
ArkansasBethel Heights
0%
AlaskaBettles
0%
MissouriBevier
0%
TexasBevil Oaks
0%
IowaBevington
0%
IndianaBicknell
0%
South DakotaBig Stone City
0%
TexasBig Wells
0%
North DakotaBinford
0%
MinnesotaBingham Lake
0%
MissouriBirch Tree
0%
MinnesotaBirchwood Village
0%
MinnesotaBiwabik
0%
WashingtonBlack Diamond
0%
KentuckyBlackey
0%
MissouriBlack Jack
0%
GeorgiaBlackshear
0%
IowaBlairsburg
0%
GeorgiaBlairsville
0%
IowaBlakesburg
0%
KentuckyBlandville
0%
IowaBlencoe
0%
IowaBlockton
0%
MinnesotaBlomkest
0%
MichiganBloomfield Hills
0%
MinnesotaBlooming Prairie
0%
MissouriBloomsdale
0%
OhioBlue Ash
0%
West VirginiaBluefield
0%
KentuckyBlue Ridge Manor
0%
Kansas | TennesseeBluff City
0%
UtahBluffdale
0%
South DakotaBlunt
0%
MinnesotaBock
0%
MissouriBogard
0%
TexasBogata
0%
KansasBogue
0%
North CarolinaBoiling Spring Lakes
0%
MissouriBolckow
0%
Missouribolivar
0%
TennesseeBolivar
0%
IowaBondurant
0%
South DakotaBonesteel
0%
FloridaBonifay
0%
MissouriBonne Terre
0%
WashingtonBonney Lake
0%
New JerseyBordentown City
0%
MinnesotaBorup
0%
MissouriBosworth
0%
IowaBouton
0%
MinnesotaBovey
0%
IdahoBovill
0%
TexasBovina
0%
North DakotaBowbells
0%
South DakotaBowdle
0%
IowaBoxholm
0%
IowaBoyden
0%
MinnesotaBoy River
0%
TexasBrackettville
0%
CaliforniaBradbury
0%
North DakotaBraddock
0%
KentuckyBradfordsville
0%
IowaBradgate
0%
IllinoisBraidwood
0%
MissouriBrandsville
0%
MissouriBranson West
0%
South DakotaBrant Lake
0%
MissouriBrashear
0%
GeorgiaBraswell
0%
MissouriBraymer
0%
TexasBrazos Country
0%
LouisianaBreaux Bridge
0%
MissouriBreckenridge Hills
0%
OhioBrecksville
0%
IowaBreda
0%
IllinoisBreese
0%
MinnesotaBreezy Point
0%
TexasBremond
0%
TexasBriaroaks
0%
Kentucky | North DakotaBriarwood
0%
MinnesotaBricelyn
0%
MichiganBridgman
0%
New JerseyBrigantine
0%
North DakotaBrinsmade
0%
Iowa | OklahomaBristow
0%
IowaBritt
0%
OhioBroadview Heights
0%
North DakotaBrocket
0%
KentuckyBroeck Pointe
0%
KentuckyBromley
0%
MissouriBronaugh
0%
GeorgiaBrooklet
0%
Minnesota | OhioBrook Park
0%
IllinoisBrookport
0%
TexasBrookshire
0%
TexasBrookside Village
0%
MinnesotaBrookston
0%
Florida | KentuckyBrooksville
0%
MinnesotaBrooten
0%
MinnesotaBrowerville
0%
MichiganBrown City
0%
TexasBrowndell
0%
KansasBrownell
0%
TexasBrownsboro
0%
KentuckyBrownsboro Farm
0%
KentuckyBrownsboro Village
0%
MinnesotaBrownsdale
0%
MinnesotaBrowns Valley
0%
GeorgiaBroxton
0%
TexasBruceville-Eddy
0%
AlabamaBrundidge
0%
MinnesotaBruno
0%
IowaBrunsville
0%
TexasBryson
0%
North CarolinaBryson City
0%
IowaBuck Grove
0%
KentuckyBuckhorn
0%
WashingtonBuckley
0%
MinnesotaBuckman
0%
IowaBuffalo Center
0%
MinnesotaBuffalo Lake
0%
Idaho | MinnesotaBuhl
0%
KansasBuhler
0%
TexasBulverde
0%
MissouriBunceton
0%
TexasBunker Hill Village
0%
LouisianaBunkie
0%
KansasBurdett
0%
TexasBurkburnett
0%
South Dakota | TexasBurke
0%
KentuckyBurkesville
0%
New JerseyBurlington City
0%
MissouriBurlington Junction
0%
KansasBurr Oak
0%
MinnesotaBurtrum
0%
NebraskaBurwell
0%
KansasBushong
0%
IowaBussey
0%
IdahoButte City
0%
North DakotaBuxton
0%
Kansas | TexasByers
0%
MissouriByrnes Mill
0%

Score Distribution

Percentile by Number Answered

Percent of People with Each Score

Your Score History

You have not taken this quiz